000 01323cad a22002175a 4500
001 L150352
008 100702s2010 xxkado f s 000 0 eng d
035 _a(Sirsi) u150352
041 0 _aeng
050 0 4 _a332.6324 $2 18
110 2 _aLambert Smith Hampton
_92865
245 0 0 _aNational office report 2010
_bfirst signs of occupational recovery in 2010
_h[electronic resource]
260 _a[S.l.]
_bLambert Smith Hampton
_c2010
490 0 _aLambert Smith Hampton National Office Report
_v2010
520 _aActivity in the UK office market has been significantly down over the past two years with a 2009 take-up of around 17m sq ft, 29% below the long-term average. Q1 2010 shows signs of recovery with 5.5m sq ft taken-up, led by the 3.4m sq ft contribution of the Central London market which is likely to continue dominating for a further year. The UK availability rate stands at 12.7%. Rental values will fall by 3% in 2010, grow weakly in 2011, continue recovering in 2012/13 and return to 2006/07 levels in 2014, again led by Central London.
590 _aKA NTK
651 4 _aUnited Kingdom
_y
690 _aPROPERTY-COMMERCIAL PROPERTY-COMMERCIAL PROPERTY MARKET
856 4 0 _uhttps://www.lsh.co.uk/images/cms/NationalOfficeReportJuly2010.pdf
_zView the report free of charge at www.lsh.co.uk
942 _n0
999 _c110841
_d110841